00540na a2200181 450000100060000000300080000600500170001400800410003102000180007203500100009004000250010008200230012510000160014824500890016426000280025330000240028165000530030513676MIRAKIL20181213154825.0160815b tu 000 0  a9786056063169 a13676 aMilasbturcTR-AnCHP aATAa923.156bB54a aBasar, Arif aAnılar yelpazesinde Mustafa Kemal Atatürkbhastalık ve son günlericArif Basar aAnkarab[yayl.y.]c2009 a6. c.bres.c19 sm. aAtatürk, Mustafa KemalxAnılarxSon Günleri